|
|
|
|
| LEADER |
01687nam a22003494a 4500 |
| 001 |
36144 |
| 003 |
BD-DhAAL |
| 005 |
20240908151647.0 |
| 008 |
190923t2000 ilua 001 0 eng d |
| 010 |
|
|
|a 99025210
|
| 020 |
|
|
|a 0844226602
|
| 020 |
|
|
|a 9780844226606
|
| 035 |
|
|
|a (DLC) 99025210
|
| 040 |
|
|
|a DLC
|c DLC
|d DLC
|d BD-DhAAL
|
| 042 |
|
|
|a pcc
|
| 050 |
0 |
0 |
|a TT835
|b .J637 2000
|
| 082 |
0 |
0 |
|a 746.46041
|2 21
|
| 100 |
1 |
|
|a Johnston, Ann,
|d 1947-
|9 35086
|
| 245 |
1 |
4 |
|a The quilter's book of design /
|c Ann Johnston.
|
| 260 |
|
|
|a Chicago, Ill :
|b Quilt Digest Press,
|c c2000.
|
| 300 |
|
|
|a xi, 146 pages :
|b color illustrations ;
|c 28 cm.
|
| 500 |
|
|
|a Includes index.
|
| 526 |
|
|
|a BIED
|
| 541 |
|
|
|a Complimentary copy from BIED
Donation from the Asia Foundation/ Savar Campus
|e 36144, 43010. 43011
|
| 650 |
|
0 |
|a Quilts
|x Design.
|9 35087
|
| 650 |
|
0 |
|a Architecture.
|9 35088
|
| 852 |
|
|
|a Ayesha Abed Library
|c BIED Collection
|
| 942 |
|
|
|2 ddc
|c BK
|
| 999 |
|
|
|c 41357
|d 41357
|
| 952 |
|
|
|0 0
|1 0
|2 ddc
|4 0
|6 746_460410000000000_JOH
|7 0
|9 66464
|a BRACUL
|b BRACUL
|c GEN
|d 2019-09-23
|e Complimentary copy from BIED
|l 0
|o 746.46041 JOH
|p 3010036144
|r 2019-09-23
|t 1
|w 2019-09-23
|y BK
|x Transferred from BIED to General Stacks
|
| 952 |
|
|
|0 0
|1 0
|2 ddc
|4 0
|6 746_460410000000000_JOH
|7 0
|9 76153
|a SCL
|b SCL
|c GEN
|d 2024-09-08
|e Donation from the Asia Foundation/ Savar Campus
|l 0
|o 746.46041 JOH
|p 3020043010
|r 2024-09-08
|t 2
|y BK
|x Donation from the Asia Foundation/ Savar Campus
|
| 952 |
|
|
|0 0
|1 0
|2 ddc
|4 0
|6 746_460410000000000_JOH
|7 0
|9 76154
|a SCL
|b SCL
|c GEN
|d 2024-09-08
|e Donation from the Asia Foundation/ Savar Campus
|l 0
|o 746.46041 JOH
|p 3020043011
|r 2024-09-08
|t 3
|w 2019-09-23
|y BK
|x Donation from the Asia Foundation/ Savar Campus
|